Statistics for Taylor Swift Songs Starting with F

Click here to take the quiz!

General Stats

  • This quiz has been taken 256 times
  • The average score is 4 of 6

Answer Stats

Song% Correct
Fearless (Taylor's Version)
91%
Fifteen (Taylor's Version)
78%
Forever & Always (Piano Version) (Taylor's Version)
69%
Forever & Always (Taylor's Version)
69%
False God
58%
Forever Winter (Taylor's Version)
53%

Score Distribution

Percentile by Number Answered

Percent of People with Each Score

Your Score History

You have not taken this quiz